000 00665cam a2200229 4500
008
049 _aMAIN
090 0 _aB809.8 SCH
100 1 _aSchaff, Adam.
245 1 0 _aMarxism and the human individual/
_cAdam Schaff.
260 _aNew York,
_bMcGraw-Hill
_c1970.
300 _axii, 268 p.
_c21 cm.
500 _aTranslation of Marksizm a jednostka ludzka.
504 _aIncludes bibliographical references.
650 0 _aDialectical materialism.
650 0 _aHuman beings.
907 _a.b10215360
_b28-09-06
_c22-09-06
003
005 20230123134249.0
040 _cNUST
942 _cBOOKS
_kB809.8 SCH
999 _c162881
_d162881